Исследования по высокопрочным сплавам и нитевидным кристаллам: доклады на научной сессии 1962 г.

Detalles Bibliográficos
Corporate Authors: Академия наук СССР (АН СССР) Институт металлургии им. А. А. Байкова (ИМЕТ), Исследования по высокопрочным сплавам и нитевидным кристаллам научная сессия
Idioma:ruso
Publicado: Москва, Изд-во АН СССР, 1963
Subjects:
Formato: MixedMaterials Libro
KOHA link:https://koha.lib.tpu.ru/cgi-bin/koha/opac-detail.pl?biblionumber=206135

MARC

LEADER 00000nam0a2200000 4500
001 206135
005 20231031190622.0
035 |a (RuTPU)RU\TPU\book\224694 
090 |a 206135 
100 |a 20111226d1963 k y0rusy50 ca 
101 0 |a rus 
102 |a RU 
105 |a a z 101zy 
200 1 |a Исследования по высокопрочным сплавам и нитевидным кристаллам  |e доклады на научной сессии 1962 г.  |f Академия наук СССР (АН СССР), Институт металлургии им. А. А. Байкова (ИМЕТ) 
210 |a Москва  |c Изд-во АН СССР  |d 1963 
215 |a 184 с.  |c черт. 
320 |a Библиогр. в конце докладов. 
610 1 |a металловедение 
610 1 |a высокопрочные сплавы 
610 1 |a нитевидные кристаллы 
610 1 |a исследования 
610 1 |a структура 
610 1 |a прочность 
610 1 |a свойства 
610 1 |a высокопрочные конструкционные материалы 
610 1 |a создание 
610 1 |a вольфрам 
610 1 |a игольчатые кристаллы 
610 1 |a металлы 
610 1 |a жаропрочность 
610 1 |a высокотемпературная термомеханическая обработка 
610 1 |a конструкционные стали 
610 1 |a аустенитные стали 
610 1 |a горячая пластическая деформация 
610 1 |a углеродистые стали 
610 1 |a упрочнение 
610 1 |a пружинные материалы 
610 1 |a теплоустойчивость 
610 1 |a железо 
610 1 |a деформационное старение 
610 1 |a сессии 
610 1 |a доклады 
675 |a 669.018.58(063)  |v 3 
675 |a 548.0:53(063)  |v 3 
712 0 2 |a Академия наук СССР (АН СССР)  |b Институт металлургии им. А. А. Байкова (ИМЕТ)  |c (Москва)  |2 stltpush  |3 (RuTPU)RU\TPU\col\312 
712 1 2 |a Исследования по высокопрочным сплавам и нитевидным кристаллам  |b научная сессия  |c доклады  |e Москва  |f 1962 
801 1 |a RU  |b 63413507  |c 20111226 
801 2 |a RU  |b 63413507  |c 20120208  |g RCR 
942 |c BK